| 000 | 00000nam##2200000za#4500 |
| 001 | 9.569326 |
| 003 | CaOODSP |
| 005 | 20210624181720 |
| 007 | cr ||||||||||| |
| 008 | 150406|2005||||xxc|||||o f|0| 0 eng|d |
| 040 | |aCaOODSP|beng |
| 043 | |an-cn--- |
| 086 | 1 |aNH18-1-2/6-2005E-PDF |
| 110 | 2 |aCanada Mortgage and Housing Corporation. |
| 245 | 10|aEnvironmental chamber testing of emissions from non-CCA treated wood / |h[electronic resource]|cby Jerry Makohon, Robert Dumont and Wo Yuen. |
| 260 | |aOttawa - Ontario : |bCanada Mortgage and Housing Corporation |cMarch 2005. |
| 300 | |a101p.|bgraphs, tables |
| 490 | 1 |aResearch report |
| 590 | |a12-25-Supp|b2012-06-04 |
| 720 | 1 |aMakohon, Jerry |
| 720 | 1 |aDumont, Robert |
| 720 | 1 |aYuen, Wo |
| 830 | #0|aResearch report (Canada Mortgage and Housing Corporation : Online)|w(CaOODSP)9.506068 |
| 856 | 40|ahttp://publications.gc.ca|qPDF|s3 MB|uhttps://publications.gc.ca/collections/collection_2011/schl-cmhc/nh18-1-2/NH18-1-2-6-2005-eng.pdf |